| 000 | 01176nam a2200301 i 4500 | ||
|---|---|---|---|
| 003 | EG-GICUC | ||
| 005 | 20260211171805.0 | ||
| 008 | 260211s1985 ua ||||fr|||| 00| 0 ara d | ||
| 040 |
_a EG-GICUC _bara _c EG-GICUC _d EG-GICUC _erda |
||
| 041 | 0 | _aara | |
| 082 | 0 | 4 |
_221 _a343.38 _bح س . م |
| 092 | 0 | 4 | _221 |
| 099 | _aLaw1 10 343.38 ح س . م 1 ed - 1985 | ||
| 100 | 0 |
_aحسن الفكهاني _eمؤلف. |
|
| 245 | 1 | 2 |
_aالموسوعة الذهبية للقواعد القانونية التي قررتها محكمة النقض المصرية : _bالإصدار الجنائي. _nملحق رقم 2 / _cحسن الفكهاني. |
| 250 | _aالطبعة الأولى | ||
| 264 | 1 |
_aالقاهرة : _bالدار العربية للموسوعات، _c1985. |
|
| 300 |
_a755 صفحة؛ _c24 سم. |
||
| 336 |
_2rda content _atext |
||
| 337 |
_2rda media _aComputer |
||
| 338 |
_2rda carrier _aOnline Resource |
||
| 546 | _aالنص باللغة العربية | ||
| 650 | 1 | 4 | _aالأحكام الجنائية |
| 650 | 1 | 4 | _aالقانون الجنائي |
| 856 | 4 | 0 | _uhttps://fll.law.cu.edu.eg/fulltext/bks/B10-08523.pdf |
| 905 | _a32 | ||
| 942 |
_2ddc _cBK _e21 _n0 |
||
| 999 |
_c62642 _d62642 |
||